00707nam a2200181 a 4500001001000000005001700010020001800027041000800045050001300053245004300066260009300109300003200202500002600234500011500260500007300375504004100448546003600489BRCA_843320190320210258.0 a9786076053492 aspa 4bM66 201510aLa monarquía hispánica en el arte. aMéxicobInstituto Nacional de Bellas Artes y Literatura : Museo Nacional de Artec2015 a379 p.bil. a colorc26 cm. aIncluye lista de obra aCatálogo de la exposición realizada en el Museo Nacional de Arte (Ciudad de México), julio-octubre, 2015 aIncluye piezas de la colección Franz Mayer: p. 195, 197, 209 y 214 aIncluye referencias bibliográficas aTexto en : español e inglés